Yu-Gi-Oh Card Quiz - Statistics

General Stats
  • This quiz has been taken 620 times
    586 since last reset
  • The average score is 16 of 26
Answer Stats
Hint Answer % Correct
Kaiba's signature Blue Eyes White Dragon
98%
Yugi's signature Dark Magician
96%
Joeys's signature Red Eyes Black Dragon
92%
5 Pieces of Exodia
88%
Egyptian god red Slifer the Sky Dragon
80%
Egyptian god blue Obelisk the Tormentor
78%
Fusion with 3 dragons Blue Eyes Ultimate Dragon
71%
Magicians Apprentice Dark Magician Girl
70%
Egyptian god yellow The Winged Dragon of Ra
66%
50/50 spin Time Wizard
66%
Puff ball Kuriboh
65%
Yugi's giant skeleton Summoned Skull
61%
Toon of a dragon Blue Eyes Toon Dragon
59%
Joey's Fusion warrior Flame Swordsman
54%
Pegasus' ritual Relinquished
53%
Yugi's horseback rider Gaia the Fierce Knight
52%
Yugi's ritual Black Luster Soldier
49%
Mai's signature Harpy Lady
49%
dragon and time fusion Thousand Dragon
49%
Useless without time Baby Dragon
48%
Weevil's best card in battle city Insect Queen
48%
Yugi's warrior Celtic Guardian
43%
Yugi's dragon Curse of Dragon
41%
Negates trap cards Jinzo
41%
Paradox's contact of 3 Gate Guardian
38%
Mako's ritual in battle city Fortress Whale
4%
No matching quizzes found
Score Distribution
Percent of People with Each Score
Percentile by Number Answered
Your Score History
You have not taken this quiz since the last reset